Kdo z vás je bez viny- /

Hlavní autor: Busch, Renate
Další autoři: Dvořáková, Dagmar
Jazyk: Čeština
Vydáno: Brno : MOBA, 2001
Edice: Silvia-Exklusiv
Témata:
Fyzický popis: 63 s. ; 22 cm
Knihy
Uloženo v:
LEADER 01004nam a2200301 a 4500
001 000563884
003 CZ BrMZK
005 20201015134450.0
007 ta
008 010907s2001 xr e j cze d
015 |a cnb000888465 
020 |a 80-243-0560-7 
035 |a (OCoLC)51186264 
040 |a BOA001  |b cze 
072 7 |a 821-31/-34  |x Milostná, dobrodružná, fantastická próza  |2 Konspekt  |9 25 
080 |a 821-322.5  |2 MRF 
080 |a (0:82-322.5)  |2 MRF 
100 1 |a Busch, Renate  |7 jx20050503017 
245 1 0 |a Kdo z vás je bez viny- /  |c Renate Buschová ; [překlad: Dagmar Dvořáková] 
260 |a Brno :  |b MOBA,  |c 2001 
300 |a 63 s. ;  |c 22 cm 
490 1 |a Silvia-Exklusiv ;  |v sv. 114 (4/2001) 
655 7 |a milostné povídky  |7 fd132834  |2 czenas 
700 1 |a Dvořáková, Dagmar  |7 jn19981000893 
830 0 |a Silvia-Exklusiv  |0 s 
910 |a BOA001  |b 2-1088.164 
990 |a BK 
996 6 |b 2610138881  |c 2-1088.164  |l MZK  |r Sklad / do 1 hodiny  |n 0  |p p.v.  |w 000563884  |u 000010  |a 1  |e BOA001  |j MZK50  |s P